Les personnages de Samantha Oups ! - Statistiques

Statistiques générales
  • Ce quiz a été pris 59 fois
  • Le résultat moyen est 6 sur 13
Statistiques - réponses
Réponse % Correct
Samantha
100%
Chantal
98%
Simon
76%
Annabelle
64%
Ademar
53%
Le Maire
47%
Baul
42%
Gontrand
36%
Jean-Michel
27%
Consuela
24%
Daniel
13%
Johnny Lover
9%
Le beau Bryan
9%
Aucun quiz correspondant
Distribution des résultats
% des personnes avec chaque résultat
Percentile par nombre de réponses
Votre historique - résultats
Vous n’avez pas pris ce quiz